Drug abuse and its prevention: general report; colloque préparé au 11. congrès international de l'Association Internationale de Droit Pénal, Budapest, 9 - 15 septembre 1974 = L' abus de drogues et sa prévention
| Körperschaft: | |
|---|---|
| Beteiligte: | ; |
| Medienart: | Druck Buch |
| Sprache: | Französisch |
| Veröffentlicht: |
Paris
1973
|
| In: |
Revue internationale de droit pénal (44,3/4)
Jahr: 1973 |
| Bestand in Tübingen: | In Tübingen vorhanden. UB: KB 5 A 938 |
| Verfügbarkeit prüfen: | HBZ Gateway |
| Subito Bestelldienst: | Jetzt bestellen. |
| Schlagwörter: |
MARC
| LEADER | 00000cam a22000002c 4500 | ||
|---|---|---|---|
| 001 | 1094313882 | ||
| 003 | DE-627 | ||
| 005 | 20230426065539.0 | ||
| 007 | tu | ||
| 008 | 910528s1973 xx ||||| 00| ||fre c | ||
| 035 | |a (DE-627)1094313882 | ||
| 035 | |a (DE-576)024313882 | ||
| 035 | |a (DE-599)BSZ024313882 | ||
| 035 | |a (OCoLC)311630501 | ||
| 040 | |a DE-627 |b ger |c DE-627 |e rakwb | ||
| 041 | |a fre | ||
| 245 | 0 | 0 | |a Drug abuse and its prevention |b general report; colloque préparé au 11. congrès international de l'Association Internationale de Droit Pénal, Budapest, 9 - 15 septembre 1974 = L' abus de drogues et sa prévention |c Gerhard O. W. Mueller. With the cooperation of M. Cherif Bassiouni ... |
| 246 | 3 | 1 | |a L' abus de drogues et sa prévention |
| 246 | 3 | 3 | |a L' abus de drogues et sa prévention |
| 264 | 1 | |a Paris |c 1973 | |
| 300 | |a XVII, 584 S. | ||
| 336 | |a Text |b txt |2 rdacontent | ||
| 337 | |a ohne Hilfsmittel zu benutzen |b n |2 rdamedia | ||
| 338 | |a Band |b nc |2 rdacarrier | ||
| 490 | 1 | |a Revue internationale de droit pénal |v 44,3/4 | |
| 583 | 1 | |a Archivierung prüfen |c 20200919 |f DE-640 |z 2 |2 pdager | |
| 655 | 7 | |a Konferenzschrift |0 (DE-588)1071861417 |0 (DE-627)826484824 |0 (DE-576)433375485 |2 gnd-content | |
| 700 | 1 | |a Mueller, Gerhard O. W. |d 1926-2006 |e Hrsg. |0 (DE-588)119206781 |0 (DE-627)69579647X |0 (DE-576)162313233 |4 edt | |
| 700 | 1 | |a Bassiouni, M. Cherif |d 1937-2017 |0 (DE-588)115441298 |0 (DE-627)284156833 |0 (DE-576)160189667 |4 oth | |
| 710 | 2 | |a International Association of Penal Law |0 (DE-588)1030706-0 |0 (DE-627)103745769 |0 (DE-576)191325813 |4 oth | |
| 830 | 0 | |a Revue internationale de droit pénal |v 44,3/4 |9 44,3/4 |w (DE-627)129486280 |w (DE-576)014877252 |w (DE-600)205228-3 |x 0223-5404 |7 am | |
| 951 | |a BO | ||
| ELC | |b 1 | ||
| LOK | |0 000 xxxxxcx a22 zn 4500 | ||
| LOK | |0 001 2165156009 | ||
| LOK | |0 003 DE-627 | ||
| LOK | |0 004 1094313882 | ||
| LOK | |0 005 20020606000000 | ||
| LOK | |0 008 910528||||||||||||||||ger||||||| | ||
| LOK | |0 040 |a DE-21 |c DE-627 |d DE-21 | ||
| LOK | |0 852 |a DE-21 | ||
| LOK | |0 852 1 |c KB 5 A 938 |9 00 | ||
| LOK | |0 935 |a krim | ||
| LOK | |0 936ln |a k9.7.7 | ||
| LOK | |0 939 |a 28-05-91 |b l01 | ||
| ORI | |a SA-MARC-krimdoka001.raw | ||
| SIG | |a UB: KB 5 A 938 | ||
